000 00676nam a2200229 i 4500
001 27638
003 ES-MaACL
005 20250824205918.0
007 t|
008 030115s1971 sp ||||1| spa d
100 1 _aAudier, Marius.
_923847
245 1 3 _aLa vida de los cardiacos /
_cMarius Audier ; [traducción: Ives Bouvier].
250 _a1ª ed.
260 _aBarcelona, etc :
_bBruguera,
_c[1971]
300 _a219 p. ;
_c18 cm.
490 1 _aLibro Práctico ;
_v38
650 4 _aEnfermos cardíacos.
_9142187
700 1 _aBouvier, Ives.
_931084
830 0 0 _aLibro práctico
_v38
_9229219
852 _aES-MaACL
_jD-48211
_bR.77042
999 _c27638
_d27638